[Event "Dhaka Marcel op"]
[Site "Dhaka"]
[Date "2022.04.26"]
[Round "8"]
[White "Md, Moinuddin"]
[Black "Preetam, Barua"]
[Result "1-0"]
[WhiteElo "1580"]
[BlackElo "1379"]
[PlyCount "117"]
[EventDate "2022.04.19"]
[EventType "swiss"]
[EventRounds "9"]
[EventCountry "BAN"]
[SourceTitle "EXT 2023"]
[Source "ChessBase"]
[SourceDate "2022.10.05"]
[SourceVersion "1"]
[SourceVersionDate "2022.10.05"]
[SourceQuality "1"]

1. e4 d6 2. Nf3 Nf6 3. Nc3 c6 4. d4 Bg4 5. Be2 g6 6. Bg5 Bg7 7. Qd2 Qa5 8. a3 0-0 9. Bh6 Nbd7 10. Bxg7 Kxg7 11. h3 Bxf3 12. Bxf3 e5 13. h4 h5 14. Rg1 Qb6 15. 0-0-0 Rad8 16. g4 exd4 17. Qxd4 Qxd4 18. Rxd4 Ne5 19. Bd1 Nfxg4 20. f4 c5 21. Ra4 Nc6 22. Bxg4 hxg4 23. Rxg4 a6 24. h5 Ra8 25. e5 dxe5 26. fxe5 Nxe5 27. Rg3 Rad8 28. Re4 Nc6 29. Ne2 Rfe8 30. Rxe8 Rxe8 31. Nf4 Re1+ 32. Kd2 Rf1 33. Nd3 b6 34. hxg6 fxg6 35. Ke2 Rf6 36. c3 Re6+ 37. Kd2 Rd6 38. Ke3 Ne7 39. Kf4 Nf5 40. Rh3 Kf6 41. Nf2 Kg7 42. Ne4 Rd1 43. Ng5 Rf1+ 44. Ke5 Re1+ 45. Kd5 Rd1+ 46. Kc6 Rd6+ 47. Kc7 Rf6 48. Rh7+ Kg8 49. Rd7 a5 50. Kb7 Nh6 51. Ka6 Nf7 52. Nxf7 Rxf7 53. Rd6 Kg7 54. Kxb6 Rf6 55. Kxc5 Rxd6 56. Kxd6 Kf6 57. Kd5 Kf5 58. c4 g5 59. c5 1-0

[Event "Dhaka Marcel op"]
[Site "Dhaka"]
[Date "2022.04.25"]
[Round "7"]
[White "Moniruzzaman, Masud"]
[Black "Md, Moinuddin"]
[Result "1/2-1/2"]
[WhiteElo "1806"]
[BlackElo "1580"]
[PlyCount "105"]
[EventDate "2022.04.19"]
[EventType "swiss"]
[EventRounds "9"]
[EventCountry "BAN"]
[SourceTitle "EXT 2023"]
[Source "ChessBase"]
[SourceDate "2022.10.05"]
[SourceVersion "1"]
[SourceVersionDate "2022.10.05"]
[SourceQuality "1"]

1. e4 e5 2. Nf3 d6 3. d4 exd4 4. Nxd4 Be7 5. Nc3 Nf6 6. Be2 a6 7. g4 Be6 8. g5 Nfd7 9. Nxe6 fxe6 10. Bh5+ g6 11. Bg4 Bxg5 12. Bxe6 Qf6 13. Nd5 Qd8 14. h4 Bxc1 15. Qxc1 c6 16. Nc3 Qf6 17. Bxd7+ Nxd7 18. Qd2 Ne5 19. 0-0-0 0-0-0 20. f4 Nc4 21. Qh2 Rhf8 22. Rhf1 Kb8 23. Rd3 Ne5 24. Rdd1 Nc4 25. Qg3 Nb6 26. a4 Qe6 27. b3 Ka8 28. Rf3 d5 29. exd5 Nxd5 30. Rfd3 Qf6 31. Nxd5 Rxd5 32. Rxd5 cxd5 33. Rxd5 Qxf4+ 34. Qxf4 Rxf4 35. h5 Rg4 36. Rd7 gxh5 37. Rxh7 Rg1+ 38. Kb2 Rh1 39. a5 h4 40. Kc3 h3 41. Kb4 Kb8 42. c4 h2 43. Rh8+ Kc7 44. Kc5 Rb1 45. Rh7+ Kb8 46. Rxh2 Rxb3 47. Rh5 Ra3 48. Kd6 Ra4 49. Rh8+ Ka7 50. c5 Rxa5 51. c6 bxc6 52. Rh7+ Ka8 53. Rh4 1/2-1/2

[Event "Dhaka Marcel op"]
[Site "Dhaka"]
[Date "2022.04.23"]
[Round "5"]
[White "Bhuiyan, Golam Mostafa"]
[Black "Md, Moinuddin"]
[Result "1-0"]
[WhiteElo "2037"]
[BlackElo "1580"]
[PlyCount "79"]
[EventDate "2022.04.19"]
[EventType "swiss"]
[EventRounds "9"]
[EventCountry "BAN"]
[SourceTitle "EXT 2023"]
[Source "ChessBase"]
[SourceDate "2022.10.05"]
[SourceVersion "1"]
[SourceVersionDate "2022.10.05"]
[SourceQuality "1"]

1. d4 Nf6 2. c4 d5 3. Nf3 e6 4. Nc3 Be7 5. Bg5 c6 6. e3 Qb6 7. Qc2 Nbd7 8. Bd3 dxc4 9. Bxc4 Qa5 10. 0-0 h6 11. Bh4 Bd6 12. a3 g5 13. Bg3 Bxg3 14. hxg3 Qd8 15. Rad1 Nb6 16. Ba2 Nfd5 17. e4 Ne7 18. Rfe1 g4 19. Nh4 Ng6 20. Nxg6 fxg6 21. d5 Qe7 22. d6 Qf7 23. e5 h5 24. Ne4 Bd7 25. Nf6+ Kf8 26. Re4 g5 27. Rb4 Rc8 28. Qd2 c5 29. Re4 Qg7 30. a4 h4 31. Rxg4 hxg3 32. Rxg3 Bc6 33. Bxe6 Bxg2 34. Kxg2 Qh6 35. Rh3 Qg7 36. Rxh8+ Qxh8 37. Rh1 Qg7 38. Rh7 Qg6 39. Qd3 Qxd3 40. Rf7# 1-0

[Event "Dhaka Al Mahmud Memorial"]
[Site "Dhaka"]
[Date "2022.02.06"]
[Round "2"]
[White "Mukitul, Islam Ripon"]
[Black "Md, Moinuddin"]
[Result "1-0"]
[WhiteElo "1983"]
[BlackElo "1534"]
[PlyCount "96"]
[EventDate "2022.02.05"]
[EventType "swiss"]
[EventRounds "9"]
[EventCountry "BAN"]
[SourceTitle "EXT 2023"]
[Source "ChessBase"]
[SourceDate "2022.10.05"]
[SourceVersion "1"]
[SourceVersionDate "2022.10.05"]
[SourceQuality "1"]

1. e4 e5 2. Nf3 Nc6 3. Bc4 d6 4. d4 exd4 5. Nxd4 Nxd4 6. Qxd4 Be6 7. Bd3 Nf6 8. 0-0 Be7 9. Nc3 0-0 10. Nd5 Nxd5 11. exd5 Bd7 12. Qe4 g6 13. Qf3 Bf6 14. c3 Re8 15. Bf4 a6 16. Rfe1 Bg7 17. Qg3 b5 18. h4 h5 19. Bg5 Qb8 20. Re7 Rxe7 21. Bxe7 b4 22. Rb1 Qb6 23. Qg5 Re8 24. Bf6 Qa5 25. Bxg7 Kxg7 26. cxb4 Qxa2 27. b3 Bb5 28. Qc1 Bxd3 29. Qc3+ Kg8 30. Qxd3 Re2 31. Rf1 Rb2 32. Qc4 Qxb3 33. Qxc7 Qxd5 34. Qc8+ Kg7 35. Qxa6 Rxb4 36. g3 Qd2 37. Qa1+ Qd4 38. Qc1 Rc4 39. Qb1 Rb4 40. Qc1 Rb2 41. Qa1 d5 42. Kh1 Qd2 43. Rb1 Qxf2 44. Qxb2+ Qxb2 45. Rxb2 Kf6 46. Re2 d4 47. Kg2 Kf5 48. Kf3 f6 1-0